00514pab a2200157 454500008004000000100002000040245009800060260000900158300001300167362001200180650003300192650003800225650003600263650001800299773003900317180718b2000 xxu||||| |||| 00| 0 eng d aMazumdar, Dipak aLabour markets and employment in economic growth of East and South-East Asia: some key issues c2000 ap.411-49 aJul-Sep aEmployment - South East Asia aEconomic growth - South East Asia aLabour market - South East Asia aLabour market aIndian Journal of Labour Economics